|
|
|
|
| LEADER |
00000nam0a2200000 4500 |
| 001 |
63678 |
| 005 |
20231101212100.0 |
| 010 |
|
|
|a 576950351X
|
| 035 |
|
|
|a (RuTPU)RU\TPU\book\67577
|
| 090 |
|
|
|a 63678
|
| 100 |
|
|
|a 20040519d2000 m y0rusy50 ca
|
| 101 |
0 |
|
|a rus
|
| 102 |
|
|
|a RU
|
| 105 |
|
|
|a a j 000zy
|
| 200 |
1 |
|
|a Оптика и атомная физика
|e учебное пособие
|f Е. М. Гершензон, Н. Н. Малов, А. Н. Мансуров
|
| 210 |
|
|
|a Москва
|c Академия
|d 2000
|
| 215 |
|
|
|a 406 с.
|c ил.
|
| 225 |
1 |
|
|a Высшее образование
|
| 330 |
|
|
|a Рассмотрены волновая природа света, лучевая оптика, взаимодействие изучения с веществом, строение атома и другие вопросы оптики и атомной физики, физики атомного ядра и элементарных частиц.
|
| 606 |
|
|
|a Оптика
|2 stltpush
|3 (RuTPU)RU\TPU\subj\67665
|9 83386
|
| 606 |
|
|
|a Атомная физика
|2 stltpush
|3 (RuTPU)RU\TPU\subj\29674
|9 52952
|
| 610 |
1 |
|
|a учебные пособия
|
| 610 |
1 |
|
|a свет
|
| 610 |
1 |
|
|a интерференция
|
| 610 |
1 |
|
|a дифракция
|
| 610 |
1 |
|
|a геометрическая оптика
|
| 610 |
1 |
|
|a поляризация
|
| 610 |
1 |
|
|a дисперсия
|
| 610 |
1 |
|
|a рассеяние
|
| 610 |
1 |
|
|a оптические явления
|
| 610 |
1 |
|
|a свет
|
| 610 |
1 |
|
|a квантовые свойства
|
| 610 |
1 |
|
|a излучение
|
| 610 |
1 |
|
|a волновые свойства
|
| 610 |
1 |
|
|a вещество
|
| 610 |
1 |
|
|a атомы
|
| 610 |
1 |
|
|a молекулы
|
| 610 |
1 |
|
|a атомное ядро
|
| 610 |
1 |
|
|a элементарные частицы
|
| 610 |
1 |
|
|a скорость
|
| 675 |
|
|
|a 535(075.8)
|v 3
|
| 675 |
|
|
|a 539.18(075.8)
|v 3
|
| 700 |
|
1 |
|a Гершензон
|b Е. М.
|g Евгений Михайлович
|
| 701 |
|
1 |
|a Малов
|b Н. Н.
|g Николай Николаевич
|
| 701 |
|
1 |
|a Мансуров
|b А. Н.
|g Андрей Николаевич
|
| 801 |
|
1 |
|a RU
|b 63413507
|c 20040519
|g PSBO
|
| 801 |
|
2 |
|a RU
|b 63413507
|c 20180727
|g PSBO
|
| 900 |
|
|
|a Атомная физика
|
| 900 |
|
|
|a Физика ядра
|
| 942 |
|
|
|c BK
|
| 951 |
|
|
|b 010700
|